| 000 | 00804nam a2200229 a 4500 | ||
|---|---|---|---|
| 001 | 000012110 | ||
| 005 | 20200929162711.0 | ||
| 008 | 091104s1994 sp a 001 0bspa d | ||
| 020 | _a8420646547 | ||
| 040 |
_aDO-SdBNP _bspa _dBNPHU |
||
| 082 |
_a927.5 _bP586R |
||
| 100 | 1 |
_aRamírez, Juan Antonio, _d1948-2009 _928618 |
|
| 245 | 1 | 0 |
_aPicasso : _bel mirón y la duplicidad / _cJuan Antonio Ramírez. |
| 260 |
_aMadrid : _bAlianza, _c1994. |
||
| 300 |
_a64, viii p. : _bil. ; _c15 cm. |
||
| 490 | 1 |
_aAlianza cien _v54 |
|
| 500 | _aLibro de bolsillo | ||
| 600 | 1 | 0 |
_aPICASSO, PABLO, _q(Pablo Ruiz Picasso), _d1881-1973 _vBIOGRAFÍA _928619 |
| 600 | 1 | 0 |
_aPICASSO, PABLO, _d1881-1973 _xCRÍTICA E INTERPRETACIÓN _928620 |
| 650 | 4 |
_aPintores españoles _vBIOGRAFÍAS _914281 |
|
| 830 | 0 |
_aAlianza cien ; _v54 _912832 |
|
| 999 |
_c11775 _d11775 |
||